000 03499nam a2200337 a 4500
003 OSt
005 20250925141341.0
007 cr ||||||a|a|a
008 250826s2025 mx a|||fom||| 001 0 spa d
040 _erda
100 1 _aGarcía García, Pedro
_9190990
245 1 0 _aEvaluación agronómica de ocho variedades de trigo harinero de temporal en Valles Altos /
_cpor Pedro García García; director de tesis René Hortelano Santa Rosa; secretario Carlos Sanchéz Abarca; vocal Teresa Cervantes Martínez; suplente Alejandra Sahagún García; suplente Román Sánchez Garrillo.
264 1 _aChapingo, México :
_bEl autor,
_c2025.
300 _a1 recurso en línea (74 páginas):
_bcuadros, figuras.
336 _2rdacontent
_atexto
_btxt
337 _2rdamedia
_acomputadora
_bc
338 _2rdacarrier
_arecurso en línea
_bcr
502 _bIAEF
_cFitotecnia
_d2025.
_gLIC
504 _aIncluye referencias bibliográficas: páginas 66-71.
520 _aCon el objetivo de evaluar el comportamiento agronómico del trigo harinero, se establecieron ocho variedades de trigo harinero de temporal en los valles altos. Los ensayos se establecieron en 29 condiciones diferentes en los estados de México (Chapingo, Santa Lucía, Tenango del Aire y Juchitepec) y tres en el estado de Tlaxcala (Terrenate, Fco. I Madero y Nanacamilpa de Mariano Arista), en ocasiones hasta en tres fechas de siembra. La siembra de los ensayos se realizó de forma manual durante los meses de mayo a julio de 2021, 2022 y 2023, utilizando una sembradora experimental con apertura de 1.5 m y 4 hileras de siembra con una densidad de 110 kg ha-1. Los ensayos se establecieron bajo el diseño experimental Bloques Completos con Tratamientos Aleatorizados (DBCTA) con dos repeticiones conformadas por ocho variedades de trigo harinero de temporal. Para la fuente de variación “Localidades” se presentaron diferencias altamente significativas (α=0.05) en Días a Madurez Fisiológica (DM), Altura de Planta (ALT), Periodo de Llenado de Grano (PLLG) y Rendimiento de Grano (REND), mientras que en la variable Días a Floración (DF) las diferencias solamente fuero significativas Para la fuente de variación “Variedades”, las diferencias fueron altamente significativas para todas las variables evaluadas, lo que demuestra que las variedades presentaron características agronómicas y fenológicas muy diferentes La incidencia de roya amarilla en el follaje se evaluó en tres localidades del estado de Tlaxcala durante el ciclo PV/2024 que son representativas de las zonas de mayor incidencia del patógeno causante de dicha roya causando mayor daño en variedades susceptibles como Rebeca F2000, Tlaxcala F2000, Altiplano F2007 y Nana F2007. Las variedades que mantuvieron buena resistencia genética fueron, invariablemente, Terre F2022 y Nely F2022 con grado de infección de 0-5 %.
650 4 _aTrigo harinero
_xResistencia a enfermedades
_9191251
650 4 _aTrigo harinero
_xCultivo
_9191252
650 4 _aTrigo harinero
_xRendimiento
_9191089
700 0 _aHortelano Santa Rosa, René
_956286
_edirector.
700 4 _aSánchez Abarca, Carlos
_9107301
_esecretario.
700 4 _aCervantes Martínez, Teresa
_921588
_evocal.
700 1 _aSahagún García, Alejandra
_9185953
_esuplente.
700 1 _aSánchez Carrillo, Román
_9107405
_esuplente.
856 _zDESCARGAR PDF
_uhttp://10.13.5.2/tesis/tl/1010403-9_GARCIA_GARCIA_PEDRO.pdf
942 _2Clasificación Universidad Autónoma Chapingo
_cTD
999 _c220861
_d220861